Statistics for Countries By Baltic Population

Click here to take the quiz!

General Stats

  • This quiz has been taken 24 times
  • The average score is 20 of 22

Answer Stats

TotalLargest GroupCountry% Correct
33,600LithuanianAustralia
100%
109,250LithuanianCanada
100%
16,225LatvianDenmark
100%
936,780EstonianEstonia
100%
110,560EstonianFinland
100%
155,000LithuanianGermany
100%
1,19 milLatvianLatvia
100%
2,39 milLithuanianLithuania
100%
123,620LatvianRussia
100%
40,590LatvianSweden
100%
324,000LithuanianUnited Kingdom
100%
784,590LithuanianUnited States
100%
19,090LithuanianBelarus
95%
62,240LithuanianPoland
95%
58,300LithuanianNorway
90%
20,000LithuanianUkraine
90%
242,000LithuanianBrazil
81%
12,400LithuanianSpain
81%
138,950LithuanianArgentina
76%
10,430LithuanianChile
76%
59,720LithuanianIreland
76%
18,500LithuanianUruguay
57%

Score Distribution

Percentile by Number Answered

Percent of People with Each Score

Your Score History

You have not taken this quiz